Deuda externa versus desarrollo nacional

Gespeichert in:
Bibliographische Detailangaben
Format: Text
Schlagworte:
Tags: Tag hinzufügen
Keine Tags, Fügen Sie den ersten Tag hinzu!

MARC

LEADER 00000 a a2200000 04500
001 3931
003
040
245 |a Deuda externa versus desarrollo nacional  
650 |a DEUDA EXTERNA  
650 |a ECONOMIA  
650 |a POLITICA DE DESARROLLO  
650 |a COSTA RICA  
773 |g número 17; páginas 19-20  
999 |c 21496  |d 21496